North America & the Asia-Pacific in the 21st century : (Record no. 1563)

000 -LEADER
fixed length control field nam a22 a 4500
003 - CONTROL NUMBER IDENTIFIER
control field AKMAL
005 - DATE AND TIME OF LATEST TRANSACTION
control field 20170511092114.0
008 - FIXED-LENGTH DATA ELEMENTS--GENERAL INFORMATION
fixed length control field 170511s1999 xxk e 000 0 eng d
020 ## - INTERNATIONAL STANDARD BOOK NUMBER
International Standard Book Number 1901919234 (pbk.):
Terms of availability RM120.00
039 #9 - LEVEL OF BIBLIOGRAPHIC CONTROL AND CODING DETAIL [OBSOLETE]
Level of rules in bibliographic description 200807251840
Level of effort used to assign nonsubject heading access points fatimah
040 ## - CATALOGING SOURCE
Original cataloging agency AKMAL
Transcribing agency AKMAL
043 ## - GEOGRAPHIC AREA CODE
Geographic area code n------
043 ## - GEOGRAPHIC AREA CODE
Geographic area code a------
049 00 - LOCAL HOLDINGS (OCLC)
Holding library mal
082 04 - DEWEY DECIMAL CLASSIFICATION NUMBER
Classification number 327.705 NOR
Edition number 21
090 00 - LOCALLY ASSIGNED LC-TYPE CALL NUMBER (OCLC); LOCAL CALL NUMBER (RLIN)
Classification number (OCLC) (R) ; Classification number, CALL (RLIN) (NR) 327.705
Local cutter number (OCLC) ; Book number/undivided call number, CALL (RLIN) NOR
090 20 - LOCALLY ASSIGNED LC-TYPE CALL NUMBER (OCLC); LOCAL CALL NUMBER (RLIN)
Classification number (OCLC) (R) ; Classification number, CALL (RLIN) (NR) 327.705
Local cutter number (OCLC) ; Book number/undivided call number, CALL (RLIN) NOR
245 00 - TITLE STATEMENT
Title North America & the Asia-Pacific in the 21st century :
Remainder of title challenges & prospects for cooperative security and prosperity /
Statement of responsibility, etc. edited by K.S. Nathan
260 ## - PUBLICATION, DISTRIBUTION, ETC.
Place of publication, distribution, etc. London :
Name of publisher, distributor, etc. Asean Academic Press,
Date of publication, distribution, etc. 1999
300 ## - PHYSICAL DESCRIPTION
Extent 289p. :
Other physical details ill. ;
Dimensions 21cm
500 ## - GENERAL NOTE
General note Includes index
500 ## - GENERAL NOTE
General note "This book is a compilation of the proceedings of the MAAS International Conference on "North America and the Asia-Pacific Towards the 21st century: Facing the Challenges of Promoting Cooperative Security and Prosperity", held in Petaling Jaya, Malaysia on November 7-8, 1995" - Verso
504 ## - BIBLIOGRAPHY, ETC. NOTE
Bibliography, etc. note Includes bibliographical references
650 10 - SUBJECT ADDED ENTRY--TOPICAL TERM
Topical term or geographic name entry element Security, International
9 (RLIN) 3099
651 #0 - SUBJECT ADDED ENTRY--GEOGRAPHIC NAME
Geographic name North America
General subdivision Foreign relations
Geographic subdivision Asia
9 (RLIN) 3156
651 #0 - SUBJECT ADDED ENTRY--GEOGRAPHIC NAME
Geographic name Asia
9 (RLIN) 3157
700 1# - ADDED ENTRY--PERSONAL NAME
Personal name Nathan, K.S.
9 (RLIN) 3158
710 2# - ADDED ENTRY--CORPORATE NAME
Corporate name or jurisdiction name as entry element MAAS International Conference on North America and the Asia-Pacific Towards the 21st Century: Facing the Challenges of Promoting Cooperative Security and Prosperity
Date of meeting or treaty signing (1995 :
Location of meeting Petaling Jaya)
9 (RLIN) 3159
740 02 - ADDED ENTRY--UNCONTROLLED RELATED/ANALYTICAL TITLE
Uncontrolled related/analytical title North America and the Asia-Pacific in the twenty first century : challenges and prospects for cooperative security and prosperity
942 ## - ADDED ENTRY ELEMENTS (KOHA)
Source of classification or shelving scheme
Koha item type Book
Holdings
Withdrawn status Lost status Source of classification or shelving scheme Damaged status Not for loan Collection code Home library Current library Date acquired Inventory number Total Checkouts Full call number Barcode Date last seen Price effective from Koha item type
          NON-FICTION AKMAL Melaka AKMAL Melaka 11.05.2017 303076   327.705 NOR 201702944 11.05.2017 11.05.2017 Book
Pusat Sumber Maklumat Dato' Haji Sarmin Md Hussin, Akademi Kastam Diraja Malaysia, Melaka
Tel: 06-2331106 | Faks: 06-2313787